LEADER 02153nam a22003137a 4500
001 45127
003 BD-DhAAL
005 20260111141901.0
008 251125t2025 bg a|||| b||| 00| 0 ben d
020 |a 9789849677758 
040 |a BD-DhAAL  |c BD-DhAAL 
041 |a ben 
082 |a 306.4495492  |2 23 
245 1 0 |a ভাষা আন্দোলন :  |b ইতিহাস ও উত্তরাধিকার /  |c সম্পাদক, আশফাক হোসেন, মোহাম্মদ আজম ; ভূমিকা, সিরাজুল ইসলাম চৌধুরী. 
246 3 1 |a The language movement :  |b history and legacy 
260 |a ঢাকা :  |b সেন্টার ফর অ্যাডভান্সড রিসার্চ ইন আর্টস অ্যান্ড সোশ্যাল সায়েন্সেস (CARASS), টিএসসি (TSC) কম্পাউন্ড, ঢাকা বিশ্ববিদ্যালয়,  |c ২০২৫. 
300 |a x, ৪১৪ পৃষ্ঠা :  |b চিত্র ;  |c ২৫ সে.মি. 
504 |a গ্রন্থপঞ্জিগত নির্দেশিকা অন্তর্ভুক্ত। 
541 1 |a Complimentary copy from Professor Dr. Ashfaque Hossain, Director, CARASS, University of Dhaka  |e 45127 
650 0 |a Bengali language movement  |x History  |z Bangladesh. 
650 0 |a Bengali language  |x Political aspects  |z Bangladesh. 
650 0 |a Bengali language movement. 
700 1 |a হোসেন, আশফাক,  |e editor.  |9 6011 
700 1 |a আজম, মোহাম্মদ,  |e editor.  |9 59899 
700 1 |a চৌধুরী, সিরাজুল ইসলাম. 
852 |a Ayesha Abed Library  |c Liberation War Corner 
942 |2 ddc  |c BK 
999 |c 47654  |d 47654 
952 |0 0  |1 0  |2 ddc  |4 0  |6 306_449549200000000_BHA  |7 0  |9 78539  |a BRACUL  |b BRACUL  |c BNC  |d 2025-11-25  |e Complimentary copy from Professor Dr. Ashfaque Hossain, Director, CARASS, University of Dhaka  |g 700.00  |l 0  |o 306.4495492 BHA  |p 3010045127  |r 2025-11-25  |t 1  |v 1400.00  |w 2025-11-25  |y BK  |x Complimentary copy from Professor Dr. Ashfaque Hossain, Director, CARASS, University of Dhaka